Contratação de serviços técnicos especializados por inexigibilidade de licitação pública / (Record no. 875)

MARC details
000 -LÍDER
Campo Fixo de Controle 00956cam a2200265 a 4500
001 - NÚMERO DE CONTROLE
Campo de Controle 875
003 - IDENTIFICAÇÃO DO NÚMERO DE CONTROLE
Campo de Controle BR-CuiBMT
005 - DATA E HORA DA ÚLTIMA ATUALIZAÇÃO
Campo de Controle 20231122025143.0
008 - DADOS FIXOS
Dados Fixos 230824s2015 prba 000 0 por d
020 ## - INTERNATIONAL STANDARD BOOK NUMBER
Nº do ISBN 9788599369289
040 ## - AGÊNCIA CATALOGADORA
Código da Agência Catalogadora BR-CuiBMT
Agência que transcreveu o registro BR-CuiBMT
080 ## - Nº DA CLASSIFICAÇÃO DECIMAL UNIVERSAL
Nº edição CDU 2007
Nº Class. CDU 351.712.2
090 ## - NÚMERO DE CHAMADA
Nº classificação 351.712.2
Cutter O48c
100 1# - ENTRADA PRINCIPAL -- AUTOR PESSOAL
Nome pessoal Oliveira, Gustavo Justino de,
Datas associadas ao nome 1970-
245 10 - TÍTULO PRINCIPAL
Título principal Contratação de serviços técnicos especializados por inexigibilidade de licitação pública /
Indicação de responsabilidade Gustavo Justino de Oliveira, Gustavo Henrique Carvalho Schiefler.
260 ## - PUBLICAÇÃO, DISTRIBUIÇÃO, ETC.
Local de publicação Curitiba :
Editora Zênite,
Data 2015.
300 ## - DESCRIÇÃO FÍSICA
N. páginas ou volumes 194 p. ;
Dimensões 21 cm
504 ## - NOTA DE BIBLIOGRAFIA, ETC.
Nota de bibliografia Inclui bibliografia.
650 ## - ASSUNTO TÓPICO
Cabeçalho tópico ou nome geográfico Licitações e contratos
Subdivisão geral Direito administrativo
650 ## - ASSUNTO TÓPICO
Cabeçalho tópico ou nome geográfico Contratação de obras e serviços
Subdivisão geral Licitação
Subdivisão geográfica Brasil
650 ## - ASSUNTO TÓPICO
Cabeçalho tópico ou nome geográfico Compras públicas
Subdivisão geográfica Brasil
650 ## - ASSUNTO TÓPICO
Cabeçalho tópico ou nome geográfico Inexigibilidade de licitação
700 1# - ENTRADA SECUNDÁRIA -- NOME PESSOAL
Nome pessoal Schiefler, Gustavo Henrique Carvalho
942 ## - ELEMENTOS DE ENTRADA ADICIONAIS (KOHA)
Fonte de classificação ou esquema de arquivamento Classificação Decimal Universal
Tipo de item do Koha Livros
Holdings
Estado: removido Estado: perdido Fonte de classificação ou esquema de arquivamento Estado: danificado Indisponível para empréstimo Localização permanente Localização atual Data de aquisição Total Checkouts Número de Chamada completo Código de barras Date last seen Número do exemplar Preço efetivo a partir de Tipo de item (Koha)
    Classificação Decimal Universal     Biblioteca da Escola Superior de Contas do TCE/MT Biblioteca da Escola Superior de Contas do TCE/MT 22/11/2023   351.712.2 O48c BIBTCEMT23110820 22/11/2023 Ex. 1 22/11/2023 Livros

Powered by Koha